Countries with the Most Billionaires - Statistics

General Stats
  • This quiz has been taken 62 times
    32 since last reset
  • The average score is 21 of 30
Answer Stats
Billionaires Country % Correct
495 China
100%
40 Japan
96%
735 United States
96%
105 Russia
91%
27 Spain
91%
52 United Kingdom
91%
43 France
87%
169 India
87%
64 Italy
87%
30 South Korea
87%
47 Australia
83%
51 Brazil
83%
63 Canada
83%
126 Germany
83%
39 Sweden
70%
41 Switzerland
70%
14 Mexico
65%
26 Turkey
65%
11 Austria
61%
29 Indonesia
61%
12 Norway
61%
35 Singapore
61%
12 Netherlands
52%
14 Philippines
52%
52 Taiwan
52%
18 Malaysia
43%
28 Thailand
43%
30 Israel
39%
11 Czechia
17%
66 Hong Kong
13%
No matching quizzes found
Score Distribution
Percent of People with Each Score
Percentile by Number Answered
Your Score History
You have not taken this quiz since the last reset